[Event "Canada Int. op"]
[Site "Contrecoeur CAN"]
[Date "2022.10.07"]
[Round "1.13"]
[White "Zhong, Kevin"]
[Black "Jiang, Barron Jiyu"]
[Result "1-0"]
[WhiteElo "2088"]
[BlackElo "1603"]
[PlyCount "107"]
[EventDate "2022.10.07"]
[EventType "swiss"]
[EventRounds "5"]
[EventCountry "CAN"]

1. e4 c5 2. Ne2 d6 3. g3 Nc6 4. Bg2 g6 5. c3 Bg7 6. d4 cxd4 7. cxd4 e5 8. d5
Nb8 9. O-O Ne7 10. Be3 O-O 11. Na3 f5 12. f3 Nd7 13. Nb5 Nf6 14. Nxa7 Bd7 15.
Qb3 Qa5 16. Qb6 Qxb6 17. Bxb6 Nc8 18. Nxc8 Rfxc8 19. Nc3 Bh6 20. a4 Bd2 21. a5
Bxc3 22. bxc3 Rxc3 23. Rfb1 fxe4 24. fxe4 Rac8 25. Ba7 R3c7 26. h3 Kf7 27. a6
bxa6 28. Bb8 Rc4 29. Bxd6 Nxe4 30. Bxe4 Rxe4 31. Rb7 Ke8 32. Rf1 Bf5 33. g4 Rd8
34. Re7+ Kf8 35. Rxe5+ Rxd6 36. Rxe4 Rxd5 37. gxf5 gxf5 38. Ref4 Rd3 39. Rxf5+
Kg7 40. Rg5+ Kh6 41. h4 Rd6 42. Ra5 Rg6+ 43. Kh2 Rb6 44. Rf2 Kg7 45. Rfa2 Rb4
46. R5a4 Rb5 47. Rxa6 Rb4 48. R2a4 Rb2+ 49. Kh3 Rb3+ 50. Kg4 Rb1 51. Ra7+ Kf8
52. Rc4 h5+ 53. Kxh5 Rb5+ 54. Kg4 1-0

[Event "Canada Int. op"]
[Site "Contrecoeur CAN"]
[Date "2022.10.08"]
[Round "2.1"]
[White "Zheng, Richard"]
[Black "Liang, Jason"]
[Result "0-1"]
[WhiteElo "2147"]
[BlackElo "2469"]
[PlyCount "100"]
[EventDate "2022.10.07"]
[EventType "swiss"]
[EventRounds "5"]
[EventCountry "CAN"]

1. d4 d5 2. c4 e6 3. Nc3 a6 4. cxd5 exd5 5. Bf4 Nf6 6. e3 Bd6 7. Bxd6 Qxd6 8.
Bd3 Nc6 9. h3 O-O 10. Qf3 Ne7 11. Nge2 b6 12. O-O Bb7 13. Rfd1 Rfe8 14. Qf4 Qd8
15. b4 Ng6 16. Qg3 Qe7 17. Rab1 Rad8 18. Rdc1 Rd6 19. Nf4 Nxf4 20. Qxf4 g6 21.
Rc2 Nh5 22. Qh2 Ng7 23. Ne2 Ra8 24. Rbc1 Ne8 25. Rb2 a5 26. b5 Rd7 27. Rc3 Nd6
28. a4 Re8 29. Rbc2 Rc8 30. Qe5 Qd8 31. Ng3 Ne8 32. Nf1 Rd6 33. Nd2 c6 34. Nb1
cxb5 35. Rxc8 Bxc8 36. Bxb5 Bf5 37. Rc1 Re6 38. Qf4 Bxb1 39. Rxb1 Nd6 40. Qf3
Ne4 41. Rc1 Kg7 42. Rc2 Qd6 43. Rc6 Qe7 44. Rc2 Qb4 45. Qd1 Rf6 46. Qc1 h5 47.
Kf1 g5 48. Qb2 Ng3+ 49. Kg1 Qe1+ 50. Kh2 Qh1+ 0-1

[Event "Canada Int. op"]
[Site "Contrecoeur CAN"]
[Date "2022.10.08"]
[Round "2.2"]
[White "Han, Johnathan"]
[Black "Sai Krishna, GV."]
[Result "0-1"]
[WhiteElo "2141"]
[BlackElo "2405"]
[PlyCount "102"]
[EventDate "2022.10.07"]
[EventType "swiss"]
[EventRounds "5"]
[EventCountry "CAN"]

1. e4 e5 2. Nf3 Nc6 3. d4 exd4 4. Nxd4 Nf6 5. Nxc6 bxc6 6. e5 Qe7 7. Qe2 Nd5 8.
c4 Ba6 9. Nd2 g6 10. Nf3 Bg7 11. Bg5 f6 12. exf6 Qxe2+ 13. Bxe2 Nxf6 14. O-O-O
O-O-O 15. Rhe1 Rde8 16. Bd3 c5 17. Nd2 Ng4 18. Ne4 Bd4 19. f3 Ne5 20. Bf1 Bxc4
21. Bf6 Bxf1 22. Bxh8 Bxg2 23. Bxe5 Rxe5 24. Nd2 Rh5 25. Re2 Bh3 26. Ne4 a5 27.
Ng3 Rh4 28. Re4 Rh6 29. b3 Be6 30. Rd2 Rh3 31. f4 Bg1 32. Rg2 Bd4 33. Ne2 Bd5
34. Re8+ Kb7 35. Rg5 Bf7 36. Rf8 Be6 37. Nxd4 cxd4 38. Rxa5 Rxh2 39. Rfa8 d6
40. Re8 Bf5 41. Rd5 Rc2+ 42. Kd1 d3 43. a4 Rb2 44. Re7 Kc6 45. Rd4 Kc5 46. Rc4+
Kd5 47. Rxh7 Bg4+ 48. Kc1 Rf2 49. Rh1 d2+ 50. Kb1 d1=Q+ 51. Rxd1+ Bxd1 0-1

[Event "Canada Int. op"]
[Site "Contrecoeur CAN"]
[Date "2022.10.08"]
[Round "2.3"]
[White "Chabot, Roland"]
[Black "Chiku-Ratte, Olivier-Kenta"]
[Result "0-1"]
[WhiteElo "2111"]
[BlackElo "2355"]
[PlyCount "66"]
[EventDate "2022.10.07"]
[EventType "swiss"]
[EventRounds "5"]
[EventCountry "CAN"]

1. d4 d5 2. c4 dxc4 3. e4 b5 4. a4 c6 5. axb5 cxb5 6. b3 e5 7. Nf3 exd4 8. bxc4
b4 9. Nbd2 Nc6 10. Bd3 Nge7 11. O-O Ng6 12. Bc2 Be7 13. Ba4 Bd7 14. Nb3 O-O 15.
Re1 Nce5 16. Nxe5 Nxe5 17. c5 Bxa4 18. Rxa4 a5 19. Bb2 Qd7 20. Rxa5 Rxa5 21.
Nxa5 Bxc5 22. Nb3 Bb6 23. Qa1 Qg4 24. Qd1 Qg6 25. Kh1 Ng4 26. Qf3 Rd8 27. h3
Ne5 28. Qd1 Nc4 29. Qc1 Nxb2 30. Qxb2 d3 31. f3 Qg3 32. Rb1 Bc7 33. Kg1 Qh2+
0-1

[Event "Canada Int. op"]
[Site "Contrecoeur CAN"]
[Date "2022.10.08"]
[Round "2.4"]
[White "Tanaka, Tyler"]
[Black "Zhong, Kevin"]
[Result "1/2-1/2"]
[WhiteElo "2277"]
[BlackElo "2088"]
[PlyCount "157"]
[EventDate "2022.10.07"]
[EventType "swiss"]
[EventRounds "5"]
[EventCountry "CAN"]

1. e4 c5 2. Nf3 Nc6 3. Nc3 g6 4. d4 cxd4 5. Nxd4 Bg7 6. Be3 Nf6 7. Bc4 Qa5 8.
O-O O-O 9. Bb3 d6 10. h3 Bd7 11. Re1 Nxd4 12. Bxd4 Bc6 13. Nd5 Bxd5 14. exd5
Rfe8 15. c3 Rac8 16. Qd3 Nd7 17. Bxg7 Kxg7 18. Re2 Ne5 19. Qd4 Qc5 20. Rd1 Qxd4
21. Rxd4 Rc7 22. f4 Nd7 23. Ba4 a6 24. Bxd7 Rxd7 25. Kf2 Rc8 26. a4 Rc5 27. Ke3
b5 28. axb5 Rxb5 29. b4 a5 30. Ra2 axb4 31. cxb4 Rc7 32. Kd2 Kf6 33. Rc2 Rxc2+
34. Kxc2 e5 35. dxe6 Kxe6 36. Kb3 d5 37. Rd1 Kd6 38. Rb1 Rb8 39. Kc3 Rc8+ 40.
Kd3 Rc4 41. b5 Kc7 42. b6+ Kb7 43. g3 Ra4 44. Rb3 h5 45. h4 Re4 46. Rb5 Ra4 47.
Rxd5 Kxb6 48. Rd7 Ra3+ 49. Kd4 Rxg3 50. Rxf7 Rg4 51. Ke5 Kc5 52. Rc7+ Kb6 53.
Rh7 Rxh4 54. Rh6 Kc7 55. Rxg6 Kd8 56. Re6 Rh1 57. Kf6 h4 58. f5 h3 59. Re3 h2
60. Rd3+ Kc7 61. Rd2 Kc8 62. Re2 Kd7 63. Rf2 Kd6 64. Kf7 Kd7 65. f6 Kd6 66. Kf8
Ke6 67. f7 Kd7 68. Rd2+ Kc7 69. Re2 Kd7 70. Rg2 Kc7 71. Rf2 Kd7 72. Rc2 Kd8 73.
Ra2 Kd7 74. Rg2 Kc7 75. Re2 Kd7 76. Rf2 Kc7 77. Rd2 Kc6 78. Rg2 Kd7 79. Re2
1/2-1/2

[Event "Canada Int. op"]
[Site "Contrecoeur CAN"]
[Date "2022.10.08"]
[Round "2.5"]
[White "Duong, Thanh Nha"]
[Black "Xu, Daniel"]
[Result "1/2-1/2"]
[WhiteElo "2158"]
[BlackElo "2020"]
[PlyCount "113"]
[EventDate "2022.10.07"]
[EventType "swiss"]
[EventRounds "5"]
[EventCountry "CAN"]

1. Nf3 Nf6 2. c4 g6 3. b4 Bg7 4. Bb2 O-O 5. g3 b6 6. Bg2 Bb7 7. O-O d6 8. d3
Nbd7 9. Nc3 c5 10. a3 a6 11. Re1 Qc7 12. Rc1 e6 13. e4 e5 14. Nh4 Qd8 15. Rf1
Nb8 16. b5 axb5 17. Nxb5 Nc6 18. Rb1 Ba6 19. a4 Ne8 20. Nf3 Nc7 21. Ne1 Ne6 22.
Nc2 Bxb5 23. axb5 Ncd4 24. Bxd4 exd4 25. Ra1 Qe7 26. f4 Nc7 27. Qg4 Rfd8 28.
Rfb1 Qe6 29. Qd1 Qe8 30. Ne1 Rxa1 31. Rxa1 Ra8 32. h4 Rxa1 33. Qxa1 Qb8 34. h5
Kf8 35. Qd1 Qc8 36. Kh2 Qd8 37. Qg4 Ke8 38. Bh3 Bf6 39. Nf3 Kf8 40. h6 Ke8 41.
e5 dxe5 42. fxe5 Be7 43. Qf4 Ne6 44. Bxe6 fxe6 45. g4 Qa8 46. Kg3 Bd8 47. Qc1
Qa2 48. Qe1 Qa8 49. Kf4 Be7 50. Qf1 Qa2 51. Qe1 Qa8 52. Qf2 Qa3 53. Qd2 Qa1 54.
Kg3 Qa3 55. g5 Qa1 56. Kg2 Qa3 57. Kg3 1/2-1/2

[Event "Canada Int. op"]
[Site "Contrecoeur CAN"]
[Date "2022.10.08"]
[Round "2.6"]
[White "Saha, Ananda"]
[Black "Bolduc, Steve"]
[Result "0-1"]
[WhiteElo "2025"]
[BlackElo "2155"]
[PlyCount "102"]
[EventDate "2022.10.07"]
[EventType "swiss"]
[EventRounds "5"]
[EventCountry "CAN"]

1. d4 Nf6 2. Bg5 e6 3. e4 h6 4. Bxf6 Qxf6 5. Nc3 d6 6. Qd2 g6 7. O-O-O Bg7 8.
e5 dxe5 9. dxe5 Qe7 10. f4 O-O 11. Nf3 b6 12. Bd3 Bb7 13. Be4 Bxe4 14. Nxe4 Nc6
15. Qd7 Qxd7 16. Rxd7 Rac8 17. Rhd1 f6 18. exf6 Bxf6 19. Re1 Bg7 20. Ned2 Rf7
21. Rxf7 Kxf7 22. Re4 a5 23. c3 Bf6 24. h4 Ke7 25. g4 Kd7 26. Nf1 Rf8 27. Ng3
Be7 28. Kd2 Bd6 29. Ke3 Bc5+ 30. Ke2 Bd6 31. Ke3 Bc5+ 32. Ke2 Bd6 33. Ne5+ Nxe5
34. fxe5 Bc5 35. Nh1 b5 36. a4 c6 37. b4 axb4 38. cxb4 Ba7 39. a5 Kc7 40. h5 g5
41. Ng3 c5 42. Kd2 Kc6 43. Ne2 Rf2 44. Ke1 c4 45. Nd4+ Kd5 46. Re2 Rxe2+ 47.
Nxe2 Ke4 48. Nc3+ Kd3 49. Nxb5 c3 50. Nxc3 Kxc3 51. b5 Bc5 0-1

[Event "Canada Int. op"]
[Site "Contrecoeur CAN"]
[Date "2022.10.08"]
[Round "2.7"]
[White "Lawson, Eric"]
[Black "Adam, Rafael"]
[Result "1/2-1/2"]
[WhiteElo "2371"]
[BlackElo "1971"]
[PlyCount "69"]
[EventDate "2022.10.07"]
[EventType "swiss"]
[EventRounds "5"]
[EventCountry "CAN"]

1. d4 Nf6 2. Bg5 Ne4 3. Bf4 d5 4. e3 c5 5. Bd3 Nc6 6. Bxe4 dxe4 7. d5 g5 8. Bg3
Bg7 9. Nc3 Na5 10. Nxe4 Nc4 11. c3 Nxb2 12. Qb3 Qb6 13. Ne2 Bf5 14. f3 Bxe4 15.
fxe4 c4 16. Qxb6 axb6 17. O-O O-O 18. Rab1 Nd3 19. Rxb6 Rxa2 20. Nd4 Rb2 21.
Rxb2 Nxb2 22. Rb1 Na4 23. Rxb7 Nxc3 24. Rxe7 Bf6 25. Rc7 Bxd4 26. exd4 Nxe4 27.
Rxc4 Rd8 28. d6 h5 29. Be5 Nxd6 30. Bxd6 Rxd6 31. Kf2 f6 32. h4 Kf7 33. hxg5
fxg5 34. Rc5 Rxd4 35. Rxg5 1/2-1/2

[Event "Canada Int. op"]
[Site "Contrecoeur CAN"]
[Date "2022.10.08"]
[Round "2.8"]
[White "Guipi Bopala, Prince Eric jr"]
[Black "Poulin, Maurice"]
[Result "1-0"]
[WhiteElo "1790"]
[BlackElo "1928"]
[PlyCount "69"]
[EventDate "2022.10.07"]
[EventType "swiss"]
[EventRounds "5"]
[EventCountry "CAN"]

1. d4 g6 2. c4 Bg7 3. Nc3 d6 4. e4 Nc6 5. Be3 e5 6. Nge2 Nh6 7. d5 Ne7 8. f3 f5
9. Qd2 Nf7 10. O-O-O h5 11. h4 Bh6 12. Bxh6 Nxh6 13. Kb1 f4 14. g3 fxg3 15.
Nxg3 Nf7 16. Nge2 c5 17. Nc1 a6 18. Nd3 Bd7 19. f4 exf4 20. Qxf4 O-O 21. Qg3
Bg4 22. Be2 Bxe2 23. Nxe2 Qd7 24. Rdg1 Kh7 25. Nef4 Rg8 26. Ne6 b5 27. Ng5+
Nxg5 28. Qxg5 bxc4 29. Nf4 Qe8 30. Qf6 c3 31. Ne6 cxb2 32. Rf1 Qd7 33. Ng5+ Kh6
34. Nf7+ Kh7 35. Qg5 1-0

[Event "Canada Int. op"]
[Site "Contrecoeur CAN"]
[Date "2022.10.08"]
[Round "2.10"]
[White "Rodrigue-Lemieux, Shawn"]
[Black "Zhe, Jia"]
[Result "1-0"]
[WhiteElo "2482"]
[BlackElo "1779"]
[PlyCount "53"]
[EventDate "2022.10.07"]
[EventType "swiss"]
[EventRounds "5"]
[EventCountry "CAN"]

1. a3 e5 2. c3 d5 3. d4 Nd7 4. dxe5 Nxe5 5. Nf3 Nxf3+ 6. exf3 c6 7. Bd3 Bd6 8.
O-O Qc7 9. Re1+ Ne7 10. h4 Be6 11. Nd2 O-O-O 12. Nf1 Ng6 13. g3 Ne5 14. Be2 h5
15. Ne3 g5 16. hxg5 Rdg8 17. f4 Ng4 18. Nxg4 hxg4 19. Bxg4 Bxg4 20. Qxg4+ Kb8
21. Be3 f6 22. Kg2 fxg5 23. fxg5 Rh7 24. Rh1 Re7 25. Rh6 Bxg3 26. Qxg3 Qxg3+
27. Kxg3 1-0

[Event "Canada Int. op"]
[Site "Contrecoeur CAN"]
[Date "2022.10.08"]
[Round "2.11"]
[White "Sambuev, Bator"]
[Black "Courtemanche, Marc"]
[Result "1-0"]
[WhiteElo "2436"]
[BlackElo "1745"]
[PlyCount "59"]
[EventDate "2022.10.07"]
[EventType "swiss"]
[EventRounds "5"]
[EventCountry "CAN"]

1. d4 Nf6 2. c4 e6 3. Nc3 d5 4. Bg5 Be7 5. e3 O-O 6. Nf3 b6 7. Bd3 Bb7 8. O-O
Nbd7 9. Qe2 c5 10. Rfd1 Rc8 11. Rac1 cxd4 12. exd4 dxc4 13. Bxc4 Bxf3 14. gxf3
h6 15. Be3 Re8 16. d5 exd5 17. Nxd5 Bd6 18. Qd2 Ne5 19. Be2 Rxc1 20. Qxc1 Nxd5
21. Rxd5 Qf6 22. Qd1 Bb8 23. Qa4 Rc8 24. Qe4 Ng6 25. Ba6 Rf8 26. Bc4 Be5 27. b3
Bc3 28. f4 Rd8 29. Rxd8+ Qxd8 30. Qxg6 1-0

[Event "Canada Int. op"]
[Site "Contrecoeur CAN"]
[Date "2022.10.08"]
[Round "2.12"]
[White "Trottier, Yves"]
[Black "Wang, Derek"]
[Result "0-1"]
[WhiteElo "1973"]
[BlackElo "1697"]
[PlyCount "62"]
[EventDate "2022.10.07"]
[EventType "swiss"]
[EventRounds "5"]
[EventCountry "CAN"]

1. e4 c5 2. Nc3 Nc6 3. f4 e6 4. Nf3 d5 5. Bb5 a6 6. Bxc6+ bxc6 7. d3 g6 8. O-O
Bg7 9. Qe1 Ne7 10. b3 O-O 11. e5 Nf5 12. Ba3 Nd4 13. Nxd4 cxd4 14. Bxf8 Bxf8
15. Na4 Rb8 16. Qf2 c5 17. Rfc1 Bd7 18. Nb2 Qa5 19. Qe1 Qa3 20. Rcb1 Be7 21.
Qc1 Bd8 22. Nd1 Qb4 23. c3 dxc3 24. a3 Qd4+ 25. Nf2 Bb6 26. Ra2 Bb5 27. Qc2
Bxd3 28. Qxd3 Qxd3 29. Nxd3 c4+ 30. Nf2 cxb3 31. Raa1 b2 0-1

[Event "Canada Int. op"]
[Site "Contrecoeur CAN"]
[Date "2022.10.08"]
[Round "2.13"]
[White "Latorre, Vincent"]
[Black "Wang, Rachel"]
[Result "1-0"]
[WhiteElo "1949"]
[BlackElo "1616"]
[PlyCount "129"]
[EventDate "2022.10.07"]
[EventType "swiss"]
[EventRounds "5"]
[EventCountry "CAN"]

1. e4 c5 2. Nf3 Nc6 3. Nc3 e5 4. Bc4 Be7 5. d3 d6 6. Nd2 Nf6 7. Nf1 Bg4 8. Qd2
a6 9. a4 Be6 10. Ne3 O-O 11. Ncd5 Nd7 12. O-O Bg5 13. a5 Re8 14. f3 Ne7 15. Qf2
Bxe3 16. Nxe3 Nf6 17. Bxe6 fxe6 18. Nc4 Qc7 19. f4 Ng6 20. fxe5 Nxe5 21. Nxe5
dxe5 22. Bg5 Rf8 23. Qh4 Nd7 24. Qh5 Nf6 25. Qh4 Nd7 26. Qh5 Nf6 27. Qh3 Rae8
28. Qh4 Nd7 29. Qg4 Kh8 30. Rxf8+ Nxf8 31. Rf1 Ng6 32. h4 Rf8 33. Qxe6 Rxf1+
34. Kxf1 Nf8 35. Qe8 h6 36. Qxf8+ Kh7 37. Bd8 Qc6 38. g4 c4 39. Qf5+ Kg8 40. d4
c3 41. b3 Qd6 42. Qxe5 Qa3 43. Qe6+ Kh8 44. Ke2 Qc1 45. Kd3 Qd2+ 46. Kc4 Qxc2
47. g5 Qe2+ 48. Kxc3 Qe3+ 49. Kc4 Qe2+ 50. Kb4 Qd2+ 51. Kc5 Qc3+ 52. Qc4 Qh3
53. Qd5 Qc3+ 54. Kb6 Qb4+ 55. Ka7 hxg5 56. hxg5 b5 57. axb6 a5 58. b7 a4 59.
b8=Q Qxb8+ 60. Kxb8 axb3 61. Qxb3 Kh7 62. Qh3+ Kg6 63. Qf5+ Kh5 64. g6+ Kh6 65.
Qg5# 1-0

[Event "Canada Int. op"]
[Site "Contrecoeur CAN"]
[Date "2022.10.08"]
[Round "2.15"]
[White "Marcouiller, David"]
[Black "Batorshyn, Ilia"]
[Result "0-1"]
[WhiteElo "1666"]
[BlackElo "1909"]
[PlyCount "66"]
[EventDate "2022.10.07"]
[EventType "swiss"]
[EventRounds "5"]
[EventCountry "CAN"]

1. e4 c6 2. d4 d5 3. Nc3 dxe4 4. Nxe4 Nf6 5. Nxf6+ exf6 6. Nf3 Bd6 7. Bd3 O-O
8. Be3 Re8 9. Qd2 Nd7 10. O-O-O a5 11. c4 Rb8 12. Bf4 Bxf4 13. Qxf4 b5 14. Rhe1
bxc4 15. Rxe8+ Qxe8 16. Bxc4 Rb4 17. b3 Nf8 18. Re1 Be6 19. Qd6 Qc8 20. Nd2 Rb8
21. Ba6 Qd8 22. Qc5 Nd7 23. Qc3 Nb6 24. Qc5 a4 25. Re2 axb3 26. axb3 Qc7 27. h3
Qa7 28. Bd3 Qa1+ 29. Bb1 Nd5 30. Qc2 g6 31. g4 Nb4 32. Qe4 Na2+ 33. Kc2 Qc3+
0-1

[Event "Canada Int. op"]
[Site "Contrecoeur CAN"]
[Date "2022.10.08"]
[Round "3.1"]
[White "Liang, Jason"]
[Black "Chiku-Ratte, Olivier-Kenta"]
[Result "1-0"]
[WhiteElo "2469"]
[BlackElo "2355"]
[PlyCount "103"]
[EventDate "2022.10.07"]
[EventType "swiss"]
[EventRounds "5"]
[EventCountry "CAN"]

1. e4 c6 2. d4 d5 3. e5 Bf5 4. Nd2 e6 5. Nb3 a6 6. h4 h5 7. Be2 Be4 8. Nf3 Bxf3
9. Bxf3 g6 10. Bg5 Qc7 11. Qd2 Nd7 12. O-O Nh6 13. g3 Nf5 14. Bg2 Bg7 15. c3
O-O 16. Rfe1 a5 17. Nc1 c5 18. Ne2 a4 19. Bh3 Rfe8 20. Nf4 cxd4 21. cxd4 Nxd4
22. Qxd4 Nxe5 23. Qd1 a3 24. b3 Qd6 25. Rc1 Nc6 26. Nd3 b6 27. Bg2 Rac8 28. Be3
Nb4 29. Qe2 Nxd3 30. Qxd3 Bb2 31. Rxc8 Rxc8 32. Re2 Qc6 33. Kh2 b5 34. Bd4 Qc1
35. Be3 Qa1 36. Bh3 Kg7 37. Qxb5 Rc7 38. Qa5 Rd7 39. b4 Bf6 40. Qxa3 d4 41. Qd3
Rd5 42. Bf4 Qc3 43. Qxc3 dxc3 44. Rc2 Rd1 45. Bg2 Rb1 46. Bd6 Bd4 47. Bc5 e5
48. Bd5 f5 49. a4 Rd1 50. a5 Kf6 51. a6 Ra1 52. Ba2 1-0

[Event "Canada Int. op"]
[Site "Contrecoeur CAN"]
[Date "2022.10.08"]
[Round "3.2"]
[White "Sai Krishna, GV."]
[Black "Bolduc, Steve"]
[Result "1-0"]
[WhiteElo "2405"]
[BlackElo "2155"]
[PlyCount "47"]
[EventDate "2022.10.07"]
[EventType "swiss"]
[EventRounds "5"]
[EventCountry "CAN"]

1. e4 c5 2. Nf3 Nc6 3. Nc3 Nf6 4. Bb5 g6 5. e5 Ng4 6. Bxc6 dxc6 7. h3 Nh6 8. g4
Ng8 9. Ne4 h5 10. g5 Bf5 11. Qe2 Qd5 12. d3 O-O-O 13. b3 Bg7 14. Bb2 Bxe4 15.
dxe4 Qe6 16. Qe3 b6 17. Ke2 f6 18. Rad1 fxe5 19. Rxd8+ Kxd8 20. Rd1+ Ke8 21.
Nh4 Nf6 22. gxf6 exf6 23. Nxg6 Rh7 24. Nh4 1-0

[Event "Canada Int. op"]
[Site "Contrecoeur CAN"]
[Date "2022.10.08"]
[Round "3.3"]
[White "Hebert, Jean"]
[Black "Kot, Emanuel"]
[Result "1/2-1/2"]
[WhiteElo "2340"]
[BlackElo "1911"]
[PlyCount "81"]
[EventDate "2022.10.07"]
[EventType "swiss"]
[EventRounds "5"]
[EventCountry "CAN"]

1. Nf3 d5 2. g3 Nf6 3. Bg2 e6 4. O-O Be7 5. d3 O-O 6. Nbd2 b6 7. e3 Bb7 8. Qe2
c5 9. b3 Nc6 10. Bb2 Qc7 11. c4 Rfd8 12. a3 Rd7 13. cxd5 Nxd5 14. Rfd1 Bf6 15.
Ne4 Bxb2 16. Qxb2 Rad8 17. Rac1 Qb8 18. Rd2 a5 19. Rcd1 Nde7 20. d4 cxd4 21.
Nxd4 Nxd4 22. Rxd4 Rxd4 23. Rxd4 Bd5 24. Nc3 Bxg2 25. Rxd8+ Qxd8 26. Kxg2 Nd5
27. e4 Nxc3 28. Qxc3 Qd7 29. Qe5 Qb7 30. h4 h6 31. f3 Kh7 32. Qd6 b5 33. h5 Qc8
34. Qd3 Qc5 35. e5+ Kg8 36. f4 b4 37. axb4 Qxb4 38. Qc2 Qb7+ 39. Kf2 Qh1 40.
Qc8+ Kh7 41. Qc2+ 1/2-1/2

[Event "Canada Int. op"]
[Site "Contrecoeur CAN"]
[Date "2022.10.08"]
[Round "3.4"]
[White "Xu, Daniel"]
[Black "Tanaka, Tyler"]
[Result "1/2-1/2"]
[WhiteElo "2020"]
[BlackElo "2277"]
[PlyCount "91"]
[EventDate "2022.10.07"]
[EventType "swiss"]
[EventRounds "5"]
[EventCountry "CAN"]

1. e4 c6 2. d4 d5 3. exd5 cxd5 4. c4 Nf6 5. Nc3 e6 6. Nf3 Bb4 7. cxd5 Nxd5 8.
Qc2 O-O 9. Bd3 Nf6 10. O-O Nc6 11. a3 Be7 12. Be3 Bd7 13. Qe2 Rc8 14. Ne5 Bd6
15. Nc4 Bb8 16. Rad1 Ne7 17. Bg5 Qc7 18. g3 Ned5 19. Ne5 Bc6 20. Rfe1 Qd6 21.
Bb1 Bc7 22. Qd3 g6 23. f3 Bb6 24. Kg2 Nxc3 25. bxc3 Nd7 26. Nxd7 Qxd7 27. Ba2
Rfe8 28. h4 Bd8 29. Bxd8 Rexd8 30. h5 Bb5 31. c4 Ba6 32. Rh1 Qe7 33. hxg6 hxg6
34. Rh4 Kg7 35. Rdh1 Rh8 36. Qe3 Qf6 37. c5 Rxh4 38. Rxh4 Rh8 39. Rf4 Qe7 40.
Qe5+ Kg8 41. Rxf7 Kxf7 42. Qxh8 Qg5 43. Qh7+ Kf8 44. Qh8+ Kf7 45. Qh7+ Kf8 46.
Qh8+ 1/2-1/2

[Event "Canada Int. op"]
[Site "Contrecoeur CAN"]
[Date "2022.10.08"]
[Round "3.5"]
[White "Adam, Rafael"]
[Black "Duong, Thanh Nha"]
[Result "1/2-1/2"]
[WhiteElo "1971"]
[BlackElo "2158"]
[PlyCount "93"]
[EventDate "2022.10.07"]
[EventType "swiss"]
[EventRounds "5"]
[EventCountry "CAN"]

1. d4 Nf6 2. c4 e6 3. g3 d5 4. Bg2 Nc6 5. Nf3 dxc4 6. Qa4 Bb4+ 7. Bd2 Be7 8.
Ne5 Nd5 9. Nxc6 Qd7 10. Qxc4 bxc6 11. O-O Rb8 12. Qc2 Rb6 13. Rd1 O-O 14. a3
Ba6 15. Nc3 Rbb8 16. b4 Nb6 17. e3 f5 18. Rac1 Bc4 19. Na4 Bd5 20. f3 Nxa4 21.
Qxa4 a5 22. Qc2 a4 23. Rf1 Bf6 24. Bc3 Bb3 25. Qb2 Rfd8 26. Rf2 Rb5 27. Bf1
Rbb8 28. Bg2 Rb5 29. Bf1 Rd5 30. f4 Rd6 31. Qe2 g5 32. Bg2 h6 33. e4 Bxd4 34.
Bxd4 Rxd4 35. exf5 exf5 36. Bxc6 Rd1+ 37. Rxd1 Qxd1+ 38. Qxd1 Rxd1+ 39. Rf1 Rd6
40. Bg2 gxf4 41. Rxf4 Be6 42. Bf1 Rd5 43. Kf2 Rd2+ 44. Kg1 Rd1 45. Kf2 Rd2+ 46.
Kg1 Rd1 47. Kf2 1/2-1/2

[Event "Canada Int. op"]
[Site "Contrecoeur CAN"]
[Date "2022.10.08"]
[Round "3.6"]
[White "Zhong, Kevin"]
[Black "Guipi Bopala, Prince Eric jr"]
[Result "1-0"]
[WhiteElo "2088"]
[BlackElo "1790"]
[PlyCount "39"]
[EventDate "2022.10.07"]
[EventType "swiss"]
[EventRounds "5"]
[EventCountry "CAN"]

1. e4 c6 2. d4 d5 3. exd5 cxd5 4. c4 Nf6 5. Nc3 Nc6 6. Bg5 dxc4 7. Bxc4 e6 8.
Nf3 Be7 9. O-O O-O 10. Re1 h6 11. Bh4 b6 12. Rc1 Bb7 13. a3 Rc8 14. Ba2 a6 15.
Bb1 b5 16. Qd3 g6 17. Rxe6 b4 18. Na2 bxa3 19. Rce1 Kg7 20. d5 1-0

[Event "Canada Int. op"]
[Site "Contrecoeur CAN"]
[Date "2022.10.08"]
[Round "3.7"]
[White "Chabot, Roland"]
[Black "Rodrigue-Lemieux, Shawn"]
[Result "1/2-1/2"]
[WhiteElo "2111"]
[BlackElo "2482"]
[PlyCount "106"]
[EventDate "2022.10.07"]
[EventType "swiss"]
[EventRounds "5"]
[EventCountry "CAN"]

1. d4 d5 2. c4 e6 3. Nc3 Bb4 4. cxd5 exd5 5. a3 Bxc3+ 6. bxc3 Nf6 7. e3 O-O 8.
Bd3 b6 9. Ne2 c5 10. O-O Ba6 11. f3 Re8 12. Ng3 Bxd3 13. Qxd3 Nc6 14. Ra2 h5
15. Re2 g6 16. Bb2 h4 17. Nh1 Qd6 18. Qd1 Re6 19. Nf2 Rae8 20. Rfe1 Nh5 21. Bc1
Qd8 22. e4 dxe4 23. d5 Rd6 24. c4 Nd4 25. Rxe4 Rf8 26. Bb2 f5 27. Re7 b5 28.
Bxd4 cxd4 29. Qxd4 bxc4 30. Qxh4 c3 31. Qg5 Ng7 32. Qe3 Rd7 33. d6 Rf7 34. Rxf7
Rxf7 35. Qxc3 Qxd6 36. Rd1 Qb6 37. Qc8+ Kh7 38. Qc4 Qf6 39. Nh3 Re7 40. Nf4
Qb6+ 41. Kf1 Rc7 42. Qd3 Qb2 43. h4 Rc1 44. Nh3 Nh5 45. Rxc1 Ng3+ 46. Kg1 Qxc1+
47. Kh2 Nf1+ 48. Kg1 Ng3+ 49. Kh2 Qe1 50. Qd7+ Kh6 51. Qd8 Nf1+ 52. Kg1 Ng3+
53. Kh2 Nf1+ 1/2-1/2

[Event "Canada Int. op"]
[Site "Contrecoeur CAN"]
[Date "2022.10.08"]
[Round "3.8"]
[White "Saha, Ananda"]
[Black "Sambuev, Bator"]
[Result "0-1"]
[WhiteElo "2025"]
[BlackElo "2436"]
[PlyCount "108"]
[EventDate "2022.10.07"]
[EventType "swiss"]
[EventRounds "5"]
[EventCountry "CAN"]

1. d4 Nf6 2. Bg5 d5 3. Bxf6 exf6 4. e3 Be6 5. Nd2 Nd7 6. Ne2 c6 7. g3 f5 8. Nf4
Bd6 9. Bg2 Nf6 10. O-O g5 11. Nxe6 fxe6 12. c4 g4 13. cxd5 cxd5 14. Nb3 h5 15.
Nc5 Qe7 16. Qb3 Rb8 17. Nd3 h4 18. Nf4 hxg3 19. hxg3 Kf7 20. Rfc1 Bxf4 21. exf4
Rhc8 22. Rc2 Rc7 23. Rac1 Rbc8 24. Rxc7 Rxc7 25. Re1 Qd6 26. Qe3 Rc2 27. Re2
Rxe2 28. Qxe2 Qb6 29. Qd2 Nd7 30. Qc3 Nb8 31. Qc8 Nc6 32. Qd7+ Kf6 33. Bxd5
exd5 34. Qd6+ Kf7 35. Qxd5+ Ke7 36. Qxf5 Qxd4 37. Qh7+ Kd6 38. Qxb7 Qd1+ 39.
Kg2 Qd5+ 40. Kg1 Qxa2 41. Qg7 Qb1+ 42. Kh2 Qd1 43. Qf6+ Kc5 44. Qc3+ Kd5 45. b4
Nd4 46. Qc5+ Ke4 47. Qe7+ Kd3 48. Qd7 Kc3 49. Qg7 Kc2 50. Qh7+ Kd2 51. Qd7 Ke1
52. Qxa7 Kxf2 53. Qa2+ Qe2 54. Qxe2+ Kxe2 0-1

[Event "Canada Int. op"]
[Site "Contrecoeur CAN"]
[Date "2022.10.08"]
[Round "3.9"]
[White "Latorre, Vincent"]
[Black "Lawson, Eric"]
[Result "1/2-1/2"]
[WhiteElo "1949"]
[BlackElo "2371"]
[PlyCount "121"]
[EventDate "2022.10.07"]
[EventType "swiss"]
[EventRounds "5"]
[EventCountry "CAN"]

1. e4 c5 2. Nf3 d6 3. Nc3 Nf6 4. e5 dxe5 5. Nxe5 Nbd7 6. d4 Nxe5 7. dxe5 Qxd1+
8. Kxd1 Ng4 9. Bb5+ Bd7 10. e6 fxe6 11. Bxd7+ Kxd7 12. Ne4 b6 13. h3 Ne5 14.
Ke2 h6 15. h4 g6 16. b3 Nc6 17. Bb2 Rg8 18. Rad1+ Ke8 19. Rhe1 Bg7 20. Bxg7
Rxg7 21. Kf1 Rd8 22. c3 Rf7 23. Rxd8+ Kxd8 24. Nd2 Kd7 25. Re3 Rf4 26. g3 Rf5
27. Ke2 Re5 28. Nf3 Rf5 29. Nd2 g5 30. hxg5 Rxg5 31. Nf3 Rh5 32. Nh4 c4 33. b4
Ne5 34. Re4 b5 35. Ke3 Nd3 36. f4 e5 37. fxe5 Nxe5 38. Rd4+ Ke6 39. Nf3 Nxf3
40. Kxf3 Rd5 41. Rh4 h5 42. Ke4 Kd6 43. g4 hxg4 44. Rxg4 Rd3 45. Rg6+ e6 46.
Rg7 a5 47. Ra7 a4 48. Ra6+ Ke7 49. Rb6 Rxc3 50. Rxb5 Ra3 51. Rc5 Rxa2 52. Rxc4
Rb2 53. b5 a3 54. Ra4 a2 55. Kd3 Kd6 56. Kc3 Rh2 57. Kb3 Kc5 58. Rxa2 Rxa2 59.
Kxa2 Kxb5 60. Kb3 Kc5 61. Kc3 1/2-1/2